Nations with most F1 points - Statistics

General Stats
  • This quiz has been taken 54 times
  • The average score is 19 of 20
Answer Stats
# Points Nation Driver with most points % Correct
15 1,686 Belgium Jacky Ickx
100%
2 13,640 Germany Michael Schumacher
100%
11 3,277 Netherlands Max Verstappen
100%
8 4,761 Spain Fernando Alonso
100%
1 24,666 United Kingdom Lewis Hamilton
100%
3 10,985 France Alain Prost
98%
5 8,530 Italy Riccardo Patrese
98%
14 2,045 Mexico Sergio Perez
98%
9 4,309 United States Mario Andretti
98%
7 4,835 Australia Mark Webber
96%
17 1,580 Canada Jacques Villeneuve
96%
6 7,292 Finland Kimi Räikkönen
96%
19 1,492 Monaco Charles Leclerc
96%
4 9,262 Brazil Rubens Barrichello
94%
16 1,648 Sweden Ronnie Peterson
94%
10 3,559 Austria Gerhard Berger
92%
12 2,407 Argentina Carlos Reutemann
84%
13 2,192 New Zealand Denny Hulme
82%
18 1,566 Switzerland Clay Regazzoini
76%
20 1,047 South Africa Jody Scheckter
69%
No matching quizzes found
Score Distribution
Percent of People with Each Score
Percentile by Number Answered
Your Score History
You have not taken this quiz